Responses for show #3947 - Tuesday, October 30, 2001

2001 Tournament of Champions semifinal game 2.

(Sarah: This is Sarah of the Clue Crew with a friend in from the Arctic. Bear with us! Jeopardy!'s next!)

Contestants

Lan Djang, a business analyst from Toronto, Canada

Pam Mueller, a college student from Wilmette, Illinois

Rick Knutsen, a musician from Brooklyn, New York

Jeopardy! Round responses

SCIENCE & NATURE
FROM BOOK TO TV
VICE PRESIDENTS
(Alex: We'll give you the origin, you give us the cliche in...)
CLICHE ORIGINS
BREAD
CIRCUSES
    $100 11
pulley

Lan
    $100 6
Raymond Burr

Pam
    $100 15
Thomas Jefferson

Lan
    $100 1
barking up the wrong tree

Rick
    $100 22
baguette

Pam
    $100 21
clown

Pam
    $200 20
yellow

Rick
    $200 7
Madeline

Lan
    $200 19
Al Gore

Rick
    $200 2
(Pam: What is to go off half-cocked?)

a flash in the pan

RickPam
    $200 23
starter

Pam
    $200 27
Jumbo

Rick
    $300 12
diaphragm

Rick
    $300 8
Nancy Drew

Lan
    $300 16
Spiro Agnew

Rick
    $300 3
son of a gun

Triple Stumper
    $300 24
molasses

Rick
    $300 28
bareback

Pam
    $400 13
seals

Triple Stumper
    $400 9
From Here to Eternity

Triple Stumper
    $400 17
Theodore Roosevelt

Rick
    $400 4
to read between the lines

Rick
    $400 25
(Alex: And we have less than a minute to go now.)

zwieback

Rick
    $400 29
Princess Stephanie

Lan
    $500 14
Sweden

Triple Stumper
    $500 10
The Stand

Pam
    $1,300 18
(Rick: Who is Mondale?)
...
(Alex: Upon Kennedy's death, LBJ took the oath of office aboard Air Force One.)

Lyndon Johnson

Rick
    $500 5
rolling with the punches

Lan
    $500 26
(Rick: What is matzo?)
(Pam: What is mandel?)

challah

RickPam
Triple Stumper
    $500 30
Clyde Beatty

Rick

Scores at the first commercial break (after clue 15):

Rick Pam Lan
$1,000 $400 $1,200

Scores at the end of the Jeopardy! Round:

Rick Pam Lan
$1,700 $600 $1,600

Double Jeopardy! Round responses

THE NEW TESTAMENT
MEASURE FOR MEASURE
MUSICIANS
EUROPEAN CAPITALS
WHAT'S IN AN ARTIST'S NAME?
BEFORE, DURING & AFTER
(Alex: It's a lot like BEFORE & AFTER, but there is an added element.)
    $200 26
Judas Iscariot

Lan
    $200 29
2

Pam
    $200 1
"Material Girl"

Lan
    $200 2
Copenhagen

Rick
    $200 7
Cappuccino

Lan
    $200 12
Glenn Miller Light Brigade

Rick
    $400 24
Gabriel

Lan
    $400 30
400

Lan
    $400 3
Debbie Harry

Rick
    $400 8
Dublin

Lan
    $400 21
fast

Rick
    $400 13
Josephine Baker Street smarts

Lan
    $100 23
Sea of Galilee

Rick
    $600 28
2

Rick
    $600 4
The Judds

Rick
    $600 9
(Rick: What is Amsterdam?)

The Hague

RickPam
    $600 14
Donatello

Pam
    $600 15
(Alex: These are getting to be mouthfuls, aren't they?)

Pope Peter, Paul and Mary Pickford

Pam
    $800 22
his friends

Triple Stumper
    $800 27
(Pam: What is 144?)

10

Pam
Triple Stumper
    $1,100 5
Yoko Ono

Rick
    $800 10
Budapest

Rick
    $800 17
Hieronymus Bosch

Rick
    $800 16
toy soldier of fortune cookie

Lan
    $1000 20
Death

Pam
    $1000 25
(Alex: Less than a minute now.)

14

Rick
    $1000 6
(Lan: Who is Destiny's Child?)

Sleater-Kinney

Lan
Triple Stumper
    $1000 11
Zagreb, Croatia

Rick
    $1000 18
Sandro Botticelli

Rick
    $1000 19
(Rick: What are gunshot wedding bells & whistles?)
(Alex: [Looking toward judges] Yeah, variations on a theme; it gets pretty complicated when you've got three of them!)

shotgun wedding bells & whistles

Rick

Scores at the end of the Double Jeopardy! Round:

Rick Pam Lan
$10,300 $2,800 $3,600
(lock game)

[wagering suggestions for these scores]

Final Jeopardy! Round responses

COLLECTIBLES
(Alex: Guys, this was a fun show; Lan, you're a good sport!)
PamWhat are CDs? Heyall!
$2,087
LanWhat are baseballs? (I lost but I'm looking good!)
$3,540
RickWhat are baseballs?
$0
baseballs

Final scores:

Rick Pam Lan
$10,300 $713 $7,140
Finalist 3rd place: $5,000 2nd place: $5,000

Game dynamics:

Coryat scores:

Rick Pam Lan
$11,800 $2,800 $3,600
26 R
(including 2 DDs),
3 W
(including 1 DD)
11 R,
3 W
14 R,
1 W

Combined Coryat: $18,200

The J! Archive is created by fans, for fans. The Jeopardy! game show and all elements thereof, including but not limited to copyright and trademark thereto, are the property of Jeopardy Productions, Inc. and are protected under law. This website is not affiliated with, sponsored by, or operated by Jeopardy Productions, Inc. Join the discussion at JBoard.tv.